000 00722cam a22002413a 4500
001 11271
003 PGUSA
005 20140828083235.0
008 040201s2004||||xxu|||||s|||||000 | eng d
040 _aPGUSA
_beng
042 _adc
050 4 _aE300
100 1 _aAmerican Anti-Slavery Society
245 1 4 _aThe Anti-Slavery Examiner, Part 1 of 4
_h[electronic resource] /
_cAmerican Anti-Slavery Society
260 _bProject Gutenberg,
_c2004
506 _aPublic domain in the USA.
516 _aElectronic text
653 _aSlavery
653 _aAntislavery movements -- United States -- Periodicals
830 0 _aProject Gutenberg
_v11271
856 4 0 _uhttp://www.gutenberg.org/ebooks/11271
942 _cEB
999 _c240526
_d240526